Fr. Conceicao Rodrigues College of Engineering

Pascal for programmers : Short self instructional course (Record no. 31532)

MARC details
000 -LEADER
fixed length control field 00348nam a2200145Ia 4500
082 ## - DEWEY DECIMAL CLASSIFICATION NUMBER
Classification number 1.6424
Item number LEC/NE
100 ## - MAIN ENTRY--PERSONAL NAME
Personal name Lecarme/ O/ Nebut/J.L
245 ## - TITLE STATEMENT
Title Pascal for programmers : Short self instructional course
260 ## - PUBLICATION, DISTRIBUTION, ETC.
Name of publisher, distributor, etc. Mc Graw Hill
Place of publication, distribution, etc. New York
Date of publication, distribution, etc. 1986
300 ## - PHYSICAL DESCRIPTION
Extent 272
546 ## - LANGUAGE NOTE
Language note ENGLISH
654 ## - SUBJECT ADDED ENTRY--FACETED TOPICAL TERMS
Focus term pascal
942 ## - ADDED ENTRY ELEMENTS (KOHA)
Koha item type BOOK
Holdings
Withdrawn status Lost status Damaged status Not for loan Collection Home library Current library Shelving location Date acquired Source of acquisition Cost, normal purchase price Inventory number Total Checkouts Full call number Barcode Date last seen Cost, replacement price Price effective from Koha item type
        CRC Fr. Agnel's C.Rodrigues College of Engineering Fr. Agnel's C.Rodrigues College of Engineering   17/03/2023 UBS 97.90 T 92/90   1.6424 LEC/NE 2839 17/03/2023 97.90 17/03/2023 BOOK